[Event "Charlotte IM-C MLK 2022"]
[Site "Charlotte"]
[Date "2022.01.14"]
[Round "2.5"]
[White "Vanapalli, Vishnu"]
[Black "Sethuraman, Sandeep"]
[Result "1-0"]
[WhiteElo "2101"]
[BlackElo "2361"]
[Annotator "TA"]
[PlyCount "87"]
[EventDate "2022.01.13"]
[EventType "tourn"]
[EventCountry "USA"]
[SourceTitle "playchess.com"]
[Source "ChessBase"]
[SourceQuality "1"]

{[%evp 13,87,9,10,14,83,96,101,110,100,112,136,136,143,138,129,130,141,120,133,142,140,144,143,126,141,121,118,22,20,10,56,0,0,0,0,0,12,4,10,5,11,0,2,8,29,27,172,156,253,251,257,255,252,227,260,204,202,152,194,157,153,149,175,182,176,167,170,176,514,495,473,464,479,481,477,470]} 1. c4 c6 2. g3 d5 3. Nf3 Nf6 4. Bg2 Bg4 5. O-O Nbd7 6. cxd5 cxd5 7. Nc3 e6 $1 8. Qb3 {A11: English Opening: 1...c6.} Nc5 (8... Be7 $11) 9. Qb5+ $16 Nfd7 10. d4 {White is better.} a6 11. Qb4 Nd3 12. Qxb7 Nxc1 13. Rfxc1 {[%cal Bf1c1,Bc1c7,Bc7a7][%mdl 32]} Be7 14. Na4 {Rc7 is the strong threat.} O-O 15. Rc7 Rb8 16. Qc6 {White is much more active.} Nf6 17. Rc1 {[#]} Bd6 $146 {aiming for ...Bxf3.} ({Predecessor:} 17... e5 18. Nxe5 Bxe2 19. Nc3 Rxb2 20. Nxe2 Rxe2 21. Qxa6 Rd2 22. Qa5 Bd6 23. Qxd2 Bxc7 {1-0 (37) Griffiths,R (2362)-Holt,C (2498) Athens 2012}) 18. Ra7 a5 19. Qa6 Ne4 20. Qd3 ({White should try} 20. Qxa5 $16 Qxa5 21. Rxa5) 20... Rc8 $11 21. Rf1 Bf5 (21... Bh5 $11) 22. Qe3 (22. Qa6 $14) 22... Rc4 23. b3 Rc2 24. Nh4 Bb4 25. Nxf5 exf5 26. Qd3 Rxa2 27. Qb5 Qf6 28. Rd7 Nd2 29. Rd1 f4 {A mistake that costs the game.} (29... Qxd4 $11 30. Bxd5 Qf6) 30. Qxd5 Qa6 {[#]} (30... f3 $16 {was worth a try.} 31. Bxf3 (31. exf3 Qg6 $16) 31... Nxf3+ 32. exf3 (32. Qxf3 Qe6 $16) 32... Qe6) 31. Nc5 $1 $18 {[%cal Ba4c5,Bc5d3,Bd3f4][%mdl 32] White wants to mate with Qxf7+.} Qf6 (31... Qxe2 {[#] leads to mate.} 32. Qxf7+ $3 {[%mdl 512]} (32. Rc1 $2 g6 $19) 32... Rxf7 33. Rd8+) 32. Nd3 f3 33. Bxf3 Nxf3+ 34. Qxf3 Qe6 35. Rd5 Rxe2 (35... Qxe2 $16 36. Qxe2 Rxe2 37. Nxb4 axb4) 36. Nf4 Re1+ 37. Kg2 Qc6 38. Rxe1 Bxe1 39. Nd3 Bc3 40. Ne5 $36 {[%mdl 2048] White has strong initiative.} Qb7 (40... Qa8 {is more resistant.} 41. Rd7 Qxf3+ 42. Kxf3 Re8) 41. Nd7 {White is clearly winning.} ({Less strong is} 41. Rc5 Qxf3+ 42. Nxf3 Bb4 $16) 41... Re8 {[#]} 42. Nf6+ $1 {[%mdl 512]} gxf6 {[#]} 43. Rg5+ $1 {[%mdl 576] Discovered Attack} fxg5 44. Qxb7 {Weighted Error Value: White=0.12 (very precise) /Black=0.27 (precise)} 1-0

[Event "Charlotte IM-C MLK 2022"]
[Site "Charlotte"]
[Date "2022.01.15"]
[Round "3.1"]
[White "Sethuraman, Sandeep"]
[Black "Fishbein, Mitch"]
[Result "1/2-1/2"]
[WhiteElo "2361"]
[BlackElo "2129"]
[Annotator "TA"]
[PlyCount "55"]
[EventDate "2022.01.13"]
[EventType "tourn"]
[EventCountry "USA"]
[SourceTitle "playchess.com"]
[Source "ChessBase"]
[SourceQuality "1"]

{[%evp 21,55,0,0,0,0,0,2,3,11,-4,6,7,10,0,0,0,0,0,49,0,15,10,13,-110,35,12,24,0,0,0,0,-14,-12,-11,-14,-26]} 1. d4 Nf6 2. c4 e6 3. Nf3 d5 4. Nc3 Bb4 5. cxd5 exd5 6. Bg5 h6 7. Bh4 O-O 8. e3 Bf5 9. Bd3 Bxd3 10. Qxd3 c6 11. O-O Nbd7 12. a3 {D35: Queen's Gambit Declined: Exchange Variation.} Bd6 13. b4 {[#]} Re8 $146 ({Predecessor:} 13... Qe7 14. Rfe1 Qe6 15. Nd2 Qg4 16. Bg3 Bxg3 17. hxg3 Rfe8 18. Nf1 h5 19. Rac1 a5 {0-1 (48) Batsiashvili,N (2489)-Ju,W (2580) Khanty-Mansiysk 2016}) 14. b5 Qa5 15. Nd2 Qc7 16. bxc6 bxc6 17. Bg3 Bxg3 18. hxg3 Rab8 19. Rfc1 Qd6 (19... Qa5 $11) 20. Na4 (20. Qa6 $1 $14) 20... Rec8 21. Qa6 Rc7 22. Rc3 (22. Ra2 $11 {keeps the balance.}) 22... Rbc8 (22... Rb5 $17 {aiming for ...Nb8.} 23. Nc5 Nxc5 24. dxc5 Rxc5) 23. Rac1 h5 24. Qd3 c5 {The position is equal.} 25. dxc5 Nxc5 26. Qb5 {[%cal Rc3c5]} Ne6 {With the idea ...Rxc3.} 27. Rxc7 Rxc7 28. Qb8+ {An interesting draw.  Weighted Error Value: White=0.22 (precise) /Black=0.24 (precise)} 1/2-1/2

[Event "Charlotte IM-C MLK 2022"]
[Site "Charlotte"]
[Date "2022.01.15"]
[Round "3.2"]
[White "Ngo, Bach"]
[Black "Vanapalli, Vishnu"]
[Result "1/2-1/2"]
[WhiteElo "2300"]
[BlackElo "2101"]
[Annotator "TA"]
[PlyCount "106"]
[EventDate "2022.01.13"]
[EventType "tourn"]
[EventCountry "USA"]
[SourceTitle "playchess.com"]
[Source "ChessBase"]
[SourceQuality "1"]

{[%evp 15,106,31,26,30,30,33,26,4,7,27,39,22,20,0,37,11,27,11,31,28,36,14,24,0,0,-12,7,7,10,15,20,12,13,0,26,45,17,9,45,21,15,22,16,4,74,45,62,52,50,22,29,27,30,25,25,12,82,0,0,0,0,0,0,0,0,-6,0,0,6,0,0,0,0,-24,0,0,0,0,0,0,0,0,0,0,0,0,0,0,0,0,0,0,0]} 1. d4 d5 2. Nf3 e6 3. c4 Nf6 4. Nc3 Be7 5. Bf4 O-O 6. e3 b6 7. Bd3 c5 8. O-O Bb7 9. dxc5 {D37: Queen's Gambit Declined: 5 Bf4.} bxc5 10. cxd5 exd5 11. h3 {White has an edge.} Nbd7 {[%cal Bb8d7,Bd7f8,Bf8e6][%mdl 32]} 12. Rc1 Qb6 13. b3 (13. Bf5 $5 {[%cal Rf5d7]}) 13... Rfd8 {[#]} (13... Rfe8 {keeps more tension.} 14. Na4 Qb4 15. Ne5 Nb6 16. a3 Qxa3 17. Bb5 Rec8) 14. Qe2 $146 ({Predecessor:} 14. Na4 Qa5 15. b4 cxb4 16. Bc7 Nb6 17. Bxd8 Rxd8 18. Nxb6 Qxb6 19. Nd4 Bf8 20. Qa4 {1-0 (47) Zerafa,J (2062)-Le Goff,R (2104) Caen 2011}) 14... Nf8 15. Rfd1 (15. Na4 $5 {[%cal Ra4b6]} Qb4 16. Bc7 $11) 15... Ne6 16. Bh2 Qa5 17. Bf5 Rac8 18. Qb5 Qb6 19. Qe2 g6 20. Bd3 Bf8 21. Be5 {Black must now prevent Na4.} Nd7 22. Na4 Qa5 {[%cal Oc5c4] Hoping for ...c4!} 23. Bc3 Qc7 24. Ba6 Nb8 25. Bxb7 Qxb7 26. Bf6 {Inhibits d4.} Rd6 27. Be5 Rdd8 28. Nc3 {[%cal Ba4c3,Bc3e2,Be2g3][%mdl 32]} Nd7 29. Bg3 Nb6 (29... Nf6 $11 {keeps the balance.}) 30. Bh4 $1 $16 {White is more active.} Be7 31. Bxe7 Qxe7 32. Qe1 (32. a4 $5 {[%cal Ra4a5]}) 32... Qb7 33. Ne2 Rd6 34. Ng3 Rcd8 35. e4 Qe7 {[#]} (35... Qc7 $11) 36. exd5 (36. Nf5 $1 $16 {[%cal Rf5e7]} gxf5 37. exf5) 36... Rxd5 $11 37. Rxd5 Nxd5 38. Qe4 Nf6 39. Qe3 Nd5 40. Qe4 Nf6 41. Qc4 Qd6 42. Ne4 Nxe4 43. Qxe4 Nd4 44. Ne1 Qa6 {...Ne2+ is the strong threat.} (44... Rd7 {seems wilder.} 45. Nf3 Re7 46. Qa8+ Kg7 47. Nxd4 cxd4 48. Qf3 d3) 45. Rxc5 {The position is equal.} Qxa2 46. b4 Qb3 47. Rc7 Qxb4 48. Rxa7 Qd6 49. Qe7 Qxe7 50. Rxe7 Kf8 51. Rb7 Re8 52. Nd3 Re7 53. Rxe7 Kxe7 {Weighted Error Value: White=0.08 (flawless) /Black=0.13 (very precise)} 1/2-1/2

[Event "Charlotte IM-C MLK 2022"]
[Site "Charlotte"]
[Date "2022.01.15"]
[Round "3.3"]
[White "Andrianov, Nikolay"]
[Black "Adewumi, Tanitoluwa"]
[Result "1/2-1/2"]
[WhiteElo "1816"]
[BlackElo "2136"]
[Annotator "TA"]
[PlyCount "39"]
[EventDate "2022.01.13"]
[EventType "tourn"]
[EventCountry "USA"]
[SourceTitle "playchess.com"]
[Source "ChessBase"]
[SourceQuality "1"]

{[%evp 21,39,-2,0,-1,40,0,19,24,16,0,47,34,44,47,56,53,49,20,23,29]} 1. d4 Nf6 2. Nf3 b6 3. g3 Bb7 4. c4 e6 5. Bg2 c5 6. d5 exd5 7. Nh4 g6 8. Nc3 Bg7 9. Nxd5 Nxd5 10. Bxd5 Nc6 11. O-O O-O 12. Rb1 {[#] E16: Queen's Indian: 4 g3 Bb7 5 Bg2 Bb4+.} Ba6 $146 (12... Re8 $11 {might be stronger.}) ({Predecessor:} 12... Qe7 13. Bf4 Rfe8 14. Re1 Nd8 15. Bxb7 Nxb7 16. Qd5 d6 17. Nf3 h6 18. b3 g5 19. Be3 Qe4 {1-0 (37) Hausner,I (2336)-Malmdin,N (2150) Prague 2021}) 13. a4 Rc8 14. b3 {The position is equal.} Nb4 15. Bf3 Qe7 (15... d5 $11) 16. Ng2 $14 {[%cal Bh4g2,Bg2f4,Bf4d5][%mdl 32]} d6 17. Nf4 Bb7 18. Bxb7 Qxb7 19. Bd2 {aiming for Bxb4.} Nc6 20. Nd5 {Weighted Error Value: White=0.10 (very precise) /Black=0.16 (very precise)} 1/2-1/2

[Event "Charlotte IM-C MLK 2022"]
[Site "Charlotte"]
[Date "2022.01.15"]
[Round "3.4"]
[White "Boehme, Sebastian"]
[Black "Wu, Derek"]
[Result "1/2-1/2"]
[WhiteElo "2170"]
[BlackElo "2158"]
[Annotator "TA"]
[PlyCount "250"]
[EventDate "2022.01.13"]
[EventType "tourn"]
[EventCountry "USA"]
[SourceTitle "playchess.com"]
[Source "ChessBase"]
[SourceQuality "1"]

{[%evp 9,250,0,0,0,3,0,8,0,24,22,25,30,106,96,138,134,130,115,160,145,178,137,137,113,124,117,110,112,122,97,101,102,100,105,118,115,105,47,48,47,39,32,140,39,29,48,121,122,107,62,141,51,245,249,250,248,244,103,103,103,103,93,112,103,102,87,103,102,92,93,122,121,147,147,143,135,185,122,142,135,135,120,135,105,105,98,135,135,138,138,129,120,112,113,221,221,221,221,221,221,221,221,221,221,221,221,221,221,221,190,221,71,56,0,221,221,221,221,214,214,214,160,207,201,195,194,189,53,53,53,53,27,53,53,53,53,53,53,53,53,85,53,53,53,85,85,85,85,85,53,53,53,53,53,53,53,60,53,53,53,53,41,85,31,85,85,85,85,85,85,85,31,31,0,85,85,85,85,85,85,85,85,85,85,85,85,85,7,7,7,24,7,15,15,15,0,8,8,8,8,8,7,8,0,7,0,0,0,0,0,0,0,0,0,8,8,8,8,8,8,8,0,0,0,0,0,0,0,0,0,0,0,0,0,0,0,0,0,0,0,0,0,0]} 1. d4 Nf6 2. Bf4 g6 3. Nc3 d5 4. e3 Bg7 5. Nb5 Na6 6. Nc3 $1 {A45: Trompowsky Attack.} Nb8 7. Nb5 Na6 8. Nc3 $1 {[%mdl 4] now scores much better than the old 8.Nf3.} O-O 9. Bxa6 bxa6 10. Be5 {[#]} c5 $146 (10... c6 $11) ({Predecessor:} 10... a5 11. Nge2 Ba6 12. Nf4 c6 13. Na4 Nd7 14. Bxg7 Kxg7 15. Nd3 {½-½ (13) Stradner,S (2143)-Weber,U (2365) Innsbruck 2021}) 11. dxc5 $16 Bf5 (11... Bb7 $142) 12. Nge2 Qa5 13. Qd4 Rfc8 (13... Rfb8 $142) 14. b4 Qa3 15. Nb1 (15. Nxd5 Nxd5 16. Qxd5 (16. Bxg7 $2 Nxb4 17. Rc1 Qxc1+ 18. Nxc1 Nxc2+ 19. Ke2 Nxd4+ 20. Bxd4 f6 $19) 16... Qxb4+ 17. c3 Qb2 $19) (15. Nf4 $18) 15... Qa4 16. O-O a5 17. a3 Qxc2 18. Nbc3 Qd3 19. Nf4 (19. bxa5 $6 Qc4 $11) 19... Qxd4 20. exd4 (20. Bxd4 e6 $11) 20... e6 {[%cal Be7e6,Be6e5][%mdl 32]} 21. b5 Nd7 22. Bxg7 {White is more active.} Kxg7 23. Rfc1 (23. Nfe2 $1 $16) 23... e5 $14 24. Nfxd5 exd4 25. Na4 {Pair of Knights!} Be4 {[#]} (25... Be6 $1 $14 26. c6 Bxd5 27. cxd7 Rxc1+ 28. Rxc1 Rd8) 26. c6 $1 Bxd5 27. cxd7 Rd8 (27... Rxc1+ $1 $14 28. Rxc1 Rd8) 28. Rc7 $1 $16 {Threatens to win with b6.} Rab8 {To avoid b6} 29. Rb1 (29. Nc5 $16) 29... Be4 (29... Kf8 $1 $14) 30. Rb2 (30. Rd1 $1 $16) 30... Bd3 $2 (30... d3 $1 $14) 31. Nc5 $18 (31. Rxa7 Bxb5 32. Nc5 Bxd7 $1 {[%mdl 512]} 33. Rxb8 (33. Rxd7 $2 Rxb2 34. Kf1 Rxd7 $19) 33... Rxb8 $17) 31... Bxb5 32. Rc8 (32. Rxa7 $2 Bxd7 $1 {[%mdl 512]} 33. Rxb8 (33. Rxd7 $2 Rxb2 34. Kf1 Rxd7 $19) 33... Rxb8 $17) 32... d3 33. Nxd3 Rxd7 $16 34. Rxb8 Rxd3 $18 {[%cal Rd3d1][%mdl 4096] Endgame KRR-KRB} 35. h3 a6 36. Ra2 a4 37. Rc8 h5 38. Rc1 Kf6 39. Re1 Bd7 40. Raa1 Rb3 41. Re3 Be6 42. Rc1 Rb6 (42... Rb2 $16 43. Rc6 a5) 43. Kh2 (43. Re4 $18) 43... Bb3 44. Kg3 Rd6 45. Re4 Kg7 46. Rc5 Rd3+ 47. f3 Bd1 48. Re1 Rd2 49. Rc6 Bb3 50. Ra1 h4+ {[#]} 51. Kh2 $1 ({Don't play} 51. Kxh4 $6 Rxg2 52. f4 (52. Rxa6 {is a self mate.} g5+ 53. Kh5 Bc2 54. Rh6 Bg6+ 55. Rxg6+ fxg6#) 52... f6 $11) 51... Kh6 (51... Bd1 $16) 52. Rxa6 Kg5 53. Rb6 Rb2 54. Rb4 Rd2 55. Rb1 Ra2 56. Rg4+ Kf6 57. Rxh4 Rxa3 58. Rb4 Be6 59. Rb6 Kg7 60. R1b4 (60. Ra6 $18 {has better winning chances.}) 60... Ra1 $16 61. Rb1 (61. Kg3 $14) 61... Ra2 $2 (61... Rxb1 $2 62. Rxb1 Kf6 63. Kg3 $18) (61... Ra3 $1 $11 {and Black is okay.}) 62. Ra6 $18 Bb3 63. Kg3 Rd2 64. Rb6 Rd3 65. Rb4 Bc2 (65... a3 $16 {keeps fighting.}) 66. Rc1 Bb3 67. Ra1 Kf6 68. Raxa4 (68. Rb5 $18) 68... Bxa4 $14 69. Rxa4 $18 {KR-KR} Rd2 70. Ra5 Rb2 71. h4 Rc2 72. Rb5 Ra2 73. Rc5 Rb2 74. Kh3 Rf2 75. Rb5 Ke6 76. Ra5 Kf6 77. Ra3 Kf5 78. Kg3 Rb2 79. Ra5+ Kf6 80. Ra7 Rc2 81. Rb7 Ra2 82. Rb4 Ke5 83. Re4+ Kf6 84. Kh3 Kg7 85. g4 Ra5 (85... f5 $1 $14 86. gxf5 gxf5) 86. Kg3 (86. Rc4 $16) 86... Kf6 ({Black should try} 86... f5 $14 87. Rd4 fxg4) 87. Rb4 $16 Rc5 88. Kf4 Ra5 (88... g5+ $2 89. hxg5+ Kg6 90. Rb6+ Kh7 91. Rf6 $18) 89. Rd4 Rb5 90. Ke4 (90. Rc4 $16) 90... Re5+ 91. Kf4 {Rd6+ is the strong threat.} Ra5 (91... Rb5 $11) 92. Rd6+ Kg7 93. Rb6 Ra4+ {[#]} 94. Kg3 $1 Ra5 95. Rb4 Kf6 96. Rb1 Kg7 97. Rh1 Kh6 98. Kf4 ({Better is} 98. Rc1 $16) 98... Ra4+ $11 99. Ke5 Ra6 100. h5 gxh5 {The position is equal.} 101. Rxh5+ Kg6 102. Rh8 Ra5+ 103. Kf4 Ra4+ 104. Kg3 $1 f5 105. Rh4 {White threatens gxf5+ and mate.} Ra3 106. Kf4 fxg4 107. Kxg4 Ra4+ 108. f4 {[%cal Bf3f4,Bf4f5,Bf5f6][%mdl 32]} Rb4 109. Rh8 Ra4 110. Rb8 Rc4 111. Rb6+ Kf7 112. Kg5 Rc5+ 113. f5 {Strongly threatening Rb7+.} Rc7 {Inhibits Rb7.} 114. Rh6 {White wants to mate with Rh7+.} Kg7 {To avoid Rh7+} 115. f6+ Kg8 116. Kg6 Rg7+ 117. Kf5 Ra7 118. Rh4 Ra1 119. Re4 Kf7 120. Re7+ Kf8 121. Re5 Kf7 122. Re7+ Kf8 123. Rc7 Rf1+ 124. Ke6 {[%cal Rc7c8]} Re1+ 125. Kd7 Kf7 {White really could win this.  Weighted Error Value: White=0.17 (very precise) /Black=0.19 (very precise)} 1/2-1/2

[Event "Charlotte IM-C MLK 2022"]
[Site "Charlotte"]
[Date "2022.01.15"]
[Round "4.1"]
[White "Fishbein, Mitch"]
[Black "Popilski, Gil"]
[Result "0-1"]
[WhiteElo "2129"]
[BlackElo "2464"]
[Annotator "TA"]
[PlyCount "88"]
[EventDate "2022.01.13"]
[EventType "tourn"]
[EventCountry "USA"]
[SourceTitle "playchess.com"]
[Source "ChessBase"]
[SourceQuality "1"]

{[%evp 15,88,14,21,27,17,21,25,16,26,22,35,12,1,-9,-9,-7,0,-20,0,-19,8,-26,-33,-66,-65,-66,-68,-105,-105,-105,-105,-105,-105,-105,-105,-105,-105,-105,-105,-105,-105,-105,-105,-105,-105,-112,-105,-156,-150,-396,-411,-399,-387,-375,-375,-568,-566,-566,-566,-545,-506,-752,-754,-5065,-4520,-2465,-1680,-6311,-6299,-6067,-5432,-1389,-756,-29980,-29981]} 1. d4 Nf6 2. c4 g6 3. Nc3 d5 4. Nf3 Bg7 5. Bg5 Ne4 6. Bf4 Nxc3 7. bxc3 dxc4 8. e3 {[%cal Be2e3,Be3e4][%mdl 32]} Be6 {[%cal Oc7c5] 8...b5 is vanishing.} 9. Qb1 {D91: Grünfeld: 4 Nf3 Bg7 5 Bg5.} b6 10. Ng5 Bd5 11. e4 {White has an edge.} Bb7 12. Bxc4 O-O 13. O-O (13. h4 $5 {[%cal Rh4h5]}) 13... Nc6 {[#]} 14. Nf3 $146 {Prevents e5.} ({Predecessor:} 14. a4 e5 15. dxe5 Nxe5 16. Rd1 Qf6 17. Bxe5 Qxe5 18. Nxf7 Rxf7 19. Bxf7+ Kxf7 20. Qb3+ {1-0 (26) Muradli,M (2461)-Karttunen,M (2480) Chess.com INT 2021}) 14... Na5 15. Bd3 c5 {[%cal Rc5d4]} 16. Be3 Rc8 17. Rc1 Qd6 18. Qb2 Rfd8 19. Qe2 cxd4 20. cxd4 Nc6 $1 {[%cal Rc6d4] Black is more active.} 21. Ba6 {[#]} Nxd4 $1 22. Nxd4 {[#]} Bxa6 23. Qxa6 {[#]} Bxd4 $1 24. Rxc8 Bxa1 25. Rxd8+ Qxd8 26. g3 Qd7 27. a4 h5 28. h4 Kg7 29. Kg2 Qc7 30. Kg1 Be5 {[%cal Oe5g3] White must now prevent ...Bxg3!} 31. Kh2 {[#]} ({White should try} 31. Kg2) 31... Bd6 $1 $17 32. Bd4+ $2 {This move loses the game for White.} (32. Kg2 $17 {was called for.}) 32... e5 $19 33. Be3 Bc5 34. Qc4 Qd6 {And now ...Bxe3 would win.} 35. Kg2 (35. Bxc5 $142 bxc5 36. Kg2) 35... Bxe3 36. fxe3 {[%mdl 4096] Endgame KQ-KQ} Qc5 37. Qb3 a6 {[%cal Ba7a6,Ba6a5,Ba5a4][%mdl 32]} 38. Kf3 b5 {Hoping for ...b4.} 39. axb5 Qxb5 {[%cal Rb5f1]} 40. Qd1 {Prevents Qf1+.} a5 41. g4 hxg4+ 42. Kxg4 a4 {( -> ...a3)} 43. h5 Qc4 44. Qf3 {[#]} Qxe4+ $3 {[%mdl 512] Weighted Error Value: White=0.97/Black=0.12 (very precise)} 0-1

[Event "Charlotte IM-C MLK 2022"]
[Site "Charlotte"]
[Date "2022.01.15"]
[Round "4.2"]
[White "Wu, Derek"]
[Black "Martin Del Campo Cardenas, Roberto Abel"]
[Result "0-1"]
[WhiteElo "2158"]
[BlackElo "2261"]
[Annotator "ChessBase"]
[PlyCount "66"]
[EventDate "2022.01.13"]
[EventType "tourn"]
[EventCountry "USA"]
[SourceTitle "playchess.com"]
[Source "ChessBase"]
[SourceQuality "1"]
[TimeControl "5400+30"]

1. e4 {[%emt 0:00:04]} c5 {[%emt 0:00:14]} 2. Nf3 {[%emt 0:00:04]} d6 {[%emt 0:00:58]} 3. d4 {[%emt 0:00:06]} cxd4 {[%emt 0:00:06]} 4. Nxd4 {[%emt 0:00:03]} Nf6 {[%emt 0:00:56]} 5. Nc3 {[%emt 0:00:04]} Nc6 {[%emt 0:03:20]} 6. Bg5 {[%emt 0:00:13]} a6 {[%emt 0:00:26]} 7. Bxf6 {[%emt 0:03:44]} gxf6 {[%emt 0:00:45]} 8. Bc4 {[%emt 0:01:43]} e6 {[%emt 0:07:21]} 9. Nxc6 {[%emt 0:06:54]} bxc6 {[%emt 0:00:17]} 10. Qd4 {[%emt 0:04:49]} Rb8 {[%emt 0:14:10]} 11. Bb3 {[%emt 0:00:50]} Be7 {[%emt 0:04:55]} 12. O-O-O {[%emt 0:07:40]} O-O {[%emt 0:01:57]} 13. Qe3 {[%emt 0:03:39]} Kh8 {[%emt 0:01:02]} 14. Rd3 {[%emt 0:02:24]} Rg8 {[%emt 0:01:32]} 15. Ne2 {[%emt 0:08:29]} Qb6 {[%emt 0:02:16]} 16. Qf4 {[%emt 0:05:51]} a5 {[%emt 0:03:52]} 17. e5 {[%emt 0:09:05]} dxe5 {[%emt 0:08:38]} 18. Qh4 {[%emt 0:00:55]} Qb4 {[%emt 0:00:59]} 19. c4 {[%emt 0:08:08]} a4 {[%emt 0:02:44]} 20. a3 {[%emt 0:01:51]} Qb7 {[%emt 0:00:45]} 21. Bc2 {[%emt 0:02:30]} f5 {[%emt 0:01:39]} 22. Qh5 {[%emt 0:00:20]} e4 {[%emt 0:01:48]} 23. Rd2 {[%emt 0:04:55]} Bg5 {[%emt 0:01:59]} 24. f4 {[%emt 0:02:10]} exf3 {[%emt 0:00:08]} 25. gxf3 {[%emt 0:01:08]} Qxb2+ {[%emt 0:01:19]} 26. Kd1 {[%emt 0:00:02]} Bxd2 {[%emt 0:00:04]} 27. Kxd2 {[%emt 0:01:08]} Rb7 {[%emt 0:08:26]} 28. Qh4 {[%emt 0:02:41]} Rd7+ {[%emt 0:02:25]} 29. Ke3 {[%emt 0:00:23]} Qe5+ {[%emt 0:07:16]} 30. Kf2 {[%emt 0:00:04]} Rd2 {[%emt 0:00:20]} 31. Bd1 {[%emt 0:00:18]} f4 {[%emt 0:00:50]} 32. Re1 {[%emt 0:00:57]} Qe3+ {[%emt 0:00:31]} 33. Kf1 {[%emt 0:00:12]} Qxf3+ {[%emt 0:00:17]} 0-1

[Event "Charlotte IM-C MLK 2022"]
[Site "Charlotte"]
[Date "2022.01.15"]
[Round "4.3"]
[White "Adewumi, Tanitoluwa"]
[Black "Boehme, Sebastian"]
[Result "0-1"]
[WhiteElo "2136"]
[BlackElo "2170"]
[Annotator "ChessBase"]
[PlyCount "76"]
[EventDate "2022.01.13"]
[EventType "tourn"]
[EventCountry "USA"]
[SourceTitle "playchess.com"]
[Source "ChessBase"]
[SourceQuality "1"]
[TimeControl "5400+30"]

1. d4 {[%emt 0:00:04]} e6 {[%emt 0:00:26]} 2. Bf4 {[%emt 0:00:13]} Nf6 {[%emt 0:00:35]} 3. Nf3 {[%emt 0:00:05]} d5 {[%emt 0:00:25]} 4. e3 {[%emt 0:00:09]} c5 {[%emt 0:00:14]} 5. c3 {[%emt 0:00:27]} Nc6 {[%emt 0:00:28]} 6. Nbd2 {[%emt 0:00:10]} cxd4 {[%emt 0:00:53]} 7. exd4 {[%emt 0:00:07]} Nh5 {[%emt 0:00:09]} 8. Be5 {[%emt 0:00:16]} f6 {[%emt 0:04:21]} 9. Nh4 {[%emt 0:00:01]} g6 {[%emt 0:01:42]} 10. Bg3 {[%emt 0:00:01]} Bg7 {[%emt 0:05:38]} 11. Bd3 {[%emt 0:03:02]} Nxg3 {[%emt 0:05:32]} 12. hxg3 {[%emt 0:00:07]} Bd7 {[%emt 0:02:18]} 13. Qe2 {[%emt 0:01:42]} Qc7 {[%emt 0:02:51]} 14. b4 {[%emt 0:01:05]} O-O-O {[%emt 0:05:50]} 15. b5 {[%emt 0:04:57]} Na5 {[%emt 0:00:46]} 16. Rc1 {[%emt 0:02:49]} e5 {[%emt 0:03:17]} 17. dxe5 {[%emt 0:06:19]} fxe5 {[%emt 0:01:46]} 18. g4 {[%emt 0:02:04]} e4 {[%emt 0:02:05]} 19. Bb1 {[%emt 0:00:26]} Rde8 {[%emt 0:12:46]} 20. Kd1 {[%emt 0:12:43]} Kb8 {[%emt 0:08:32]} 21. a4 {[%emt 0:10:38]} Qc8 {[%emt 0:00:46]} 22. f3 {[%emt 0:06:27]} exf3 {[%emt 0:00:53]} 23. Qf2 {[%emt 0:00:16]} fxg2 {[%emt 0:01:25]} 24. Qxg2 {[%emt 0:00:14]} Bxg4+ {[%emt 0:00:46]} 25. Nhf3 {[%emt 0:00:07]} Re3 {[%emt 0:02:05]} 26. Rh4 {[%emt 0:00:16]} h5 {[%emt 0:01:01]} 27. Bxg6 {[%emt 0:00:56]} Nb3 {[%emt 0:02:33]} 28. Bxh5 {[%emt 0:00:48]} Bxh5 {[%emt 0:02:34]} 29. Rxh5 {[%emt 0:01:55]} Nxc1 {[%emt 0:01:36]} 30. Qh2+ {[%emt 0:00:56]} Ka8 {[%emt 0:00:24]} 31. Rxh8 {[%emt 0:46:40]} Bxh8 {[%emt 0:01:15]} 32. c4 {[%emt 0:00:00]} dxc4 {[%emt 0:01:22]} 33. Kxc1 {[%emt 0:00:00]} c3 {[%emt 0:00:19]} 34. Nc4 {[%emt 0:00:00]} Rxf3 {[%emt 0:00:37]} 35. a5 {[%emt 0:00:00]} Rf1+ {[%emt 0:00:37]} 36. Kc2 {[%emt 0:00:00]} Qf5+ {[%emt 0:00:22]} 37. Kb3 {[%emt 0:00:00]} Qxb5+ {[%emt 0:00:05]} 38. Kc2 {[%emt 0:00:00]} Qb1# {[%emt 0:01:01]} 0-1